El control de gestión / (Record no. 89748)

MARC details
000 -LEADER
campo de control de longitud fija 00769nam a2200229 i 4500
001 - NÚMERO DE CONTROL
campo de control 89748
003 - IDENTIFICADOR DE NÚMERO DE CONTROL
campo de control ES-MaACL
005 - FECHA Y HORA DE LA ÚLTIMA TRANSACCIÓN
campo de control 20230906180248.0
007 - CAMPO FIJO DE DESCRIPCIÓN FÍSICA--INFORMACIÓN GENERAL
campo de control de longitud fija t|
008 - DATOS DE LONGITUD FIJA--INFORMACIÓN GENERAL
campo de control de longitud fija 050112s1968 sp ||||1| spa d
080 ## - NÚMERO DE LA CLASIFICACIÓN DECIMAL UNIVERSAL
Número de la Clasificación Decimal Universal 658.5
100 1# - ENTRADA PRINCIPAL--NOMBRE DE PERSONA
Nombre de persona Lauzel, Pierre.
9 (RLIN) 70673
245 13 - MENCIÓN DEL TÍTULO
Título El control de gestión /
Mención de responsabilidad, etc. Pierre Lauzel ; traductor P. Larrea.
250 ## - MENCION DE EDICION
Mención de edición 2ª ed.
260 ## - PUBLICACIÓN, DISTRIBUCIÓN, ETC.
Lugar de publicación, distribución, etc. Madrid :
Nombre del editor, distribuidor, etc. Ibérico Europea de Ediciones,
Fecha de publicación, distribución, etc. 1968.
300 ## - DESCRIPCIÓN FÍSICA
Extensión 2 v. :
Otras características físicas il. ;
Dimensiones 22 cm.
505 8# - NOTA DE CONTENIDO CON FORMATO
Nota de contenido con formato Contiene: 1. La contabilidad analítica y marginal (355 p.) - 2. El control presupuestario y la información en la dirección (404 p.)
650 #4 - PUNTO DE ACCESO ADICIONAL DE MATERIA--TÉRMINO DE MATERIA
Término de materia o nombre geográfico como elemento de entrada Control de gestión.
9 (RLIN) 146119
700 1# - ENTRADA AGREGADA--NOMBRE PERSONAL
Nombre de persona Larrea, Pedro.
9 (RLIN) 70335
852 4# - LOCALIZACIÓN
Ubicación ES-MaACL
Número de control de estantería C-54249-50
852 4# - LOCALIZACIÓN
Ubicación ES-MaACL
Número de control de estantería G-5555-56
Holdings
Estatus retirado Estado de pérdida Estado de daño No para préstamo Biblioteca de origen Biblioteca actual Ubicación en estantería Fecha de adquisición Fuente de adquisición Total de préstamos Signatura topográfica completa Código de barras Visto por última vez Precio de reemplazo Tipo de ítem Koha
        Biblioteca del Ateneo de Madrid Biblioteca del Ateneo de Madrid Depósito 2 17/01/2008     G-5555-56 1093730 23/02/2023 23/02/2023 Libro impreso
        Biblioteca del Ateneo de Madrid Biblioteca del Ateneo de Madrid Depósito 2 17/01/2008     C-54249-50 1093729 23/02/2023 23/02/2023 Libro impreso